00391nam a2200145Ia 4500003000900000005001700009008004100026040003300067041000800100080001300108100002000121245003200141260003500173300003700208LK-CoDNM20240827095543.0010623t1880 xxu||||| |||| 00| 1 eng d aLK-CoDNMdLK-CoDNMeLK-CoDNM aeng a22 bN16 aPope, Rev. G.U. aText book of Indian History bW.H. Allen Co. aLondonc1880 b574p. : ill, map, 260: 19 cm